000 00287nam a2200109Ia 4500
008 190125s9999 xx 000 0 und d
082 _a625.85 ASP
_b625.85 ASP
100 _aAsphalt Institute
_913181
245 _aThe Asphalt Handbook
260 _bAsphalt Institute:USA
260 _c1989
999 _c522906
_d522906